[Event "FRA-ch U12/16 Girls"]
[Site "Agen"]
[Date "2023.04.26"]
[Round "5"]
[White "Huyn, Angelina"]
[Black "Martoian, Seda"]
[Result "1/2-1/2"]
[WhiteElo "1113"]
[BlackElo "1306"]
[PlyCount "57"]
[EventDate "2023.04.23"]
[EventType "swiss"]
[EventRounds "9"]
[EventCountry "FRA"]
[SourceTitle "CBM 214 Extra"]
[Source "ChessBase"]
[SourceDate "2023.07.31"]
[SourceVersion "1"]
[SourceVersionDate "2023.07.31"]
[SourceQuality "1"]

1. e4 e6 2. d4 d5 3. e5 b6 4. Nf3 Qd7 5. c3 Ne7 6. Be2 Ba6 7. Bxa6 Nxa6 8. Qd3 Nb8 9. 0-0 Nf5 10. Be3 Be7 11. a3 0-0 12. b4 Rc8 13. Nbd2 c5 14. dxc5 bxc5 15. Rfc1 cxb4 16. cxb4 Nc6 17. Nb3 Nxe3 18. Qxe3 Rab8 19. Nfd4 Nxd4 20. Nxd4 Bd8 21. Qd3 Bg5 22. Rxc8+ Rxc8 23. g3 Qc7 24. Nb5 Qxe5 25. Rd1 Qb8 26. a4 a6 27. Nd4 Qxb4 28. Qxa6 Rb8 29. Kg2 1/2-1/2

[Event "Cappelle Online (Women) op"]
[Site "Europe Echecs INT"]
[Date "2021.03.08"]
[Round "7"]
[White "Bichon, Maryse"]
[Black "Martoian, Seda"]
[Result "0-1"]
[WhiteElo "1316"]
[BlackElo "1278"]
[PlyCount "86"]
[EventDate "2021.03.08"]
[EventType "swiss (blitz)"]
[EventRounds "11"]
[EventCountry "FRA"]
[SourceTitle "CBM 201 Extra"]
[Source "ChessBase"]
[SourceDate "2021.05.31"]
[SourceVersion "1"]
[SourceVersionDate "2021.05.31"]
[SourceQuality "1"]

1. d4 e6 2. Bf4 d5 3. c3 Nf6 4. e3 Be7 5. h3 0-0 6. Nf3 c5 7. Be2 Nc6 8. 0-0 Bd6 9. Nbd2 Bxf4 10. exf4 Qd6 11. g3 b6 12. Ne5 cxd4 13. Nxc6 Qxc6 14. cxd4 Bb7 15. Rc1 Qd7 16. Nf3 Rac8 17. Qd2 Ne4 18. Qe3 Qe7 19. a3 Rc7 20. Rxc7 Qxc7 21. Rc1 Qb8 22. Ne5 Rc8 23. Bd3 Rxc1+ 24. Qxc1 Nf6 25. Bb5 a6 26. Bc6 Qc7 27. f3 Nh5 28. Kg2 f6 29. Nd3 Qxc6 30. Qxc6 Bxc6 31. Nb4 Bb5 32. g4 Nxf4+ 33. Kg3 Ne2+ 34. Kf2 Nxd4 35. Ke3 Nc6 36. Nxc6 Bxc6 37. b3 Kf7 38. f4 e5 39. fxe5 fxe5 40. b4 Kf6 41. h4 h6 42. Kd3 g5 43. hxg5+ Kxg5 0-1

[Event "Cappelle Online (Women) op"]
[Site "Europe Echecs INT"]
[Date "2021.03.08"]
[Round "5"]
[White "Laigle, Corinne"]
[Black "Martoian, Seda"]
[Result "0-1"]
[WhiteElo "1029"]
[BlackElo "1278"]
[PlyCount "42"]
[EventDate "2021.03.08"]
[EventType "swiss (blitz)"]
[EventRounds "11"]
[EventCountry "FRA"]
[SourceTitle "CBM 201 Extra"]
[Source "ChessBase"]
[SourceDate "2021.05.31"]
[SourceVersion "1"]
[SourceVersionDate "2021.05.31"]
[SourceQuality "1"]

1. e4 e6 2. d4 d5 3. e5 c5 4. c3 Nc6 5. c4 Nge7 6. Nf3 Ng6 7. Nc3 cxd4 8. Bg5 Qd7 9. Be2 dxc3 10. bxc3 Ngxe5 11. 0-0 Nxf3+ 12. Bxf3 dxc4 13. Qe2 Be7 14. Bf4 0-0 15. Qxc4 Rd8 16. Bh6 gxh6 17. Qg4+ Kh8 18. Qh5 Rg8 19. Qxf7 Rg7 20. Qf4 Bg5 21. Qf8+ Rg8 0-1

[Event "Cappelle Online (Women) op"]
[Site "Europe Echecs INT"]
[Date "2021.03.08"]
[Round "3"]
[White "Maquoi, Sophie"]
[Black "Martoian, Seda"]
[Result "1-0"]
[WhiteElo "1484"]
[BlackElo "1278"]
[PlyCount "25"]
[EventDate "2021.03.08"]
[EventType "swiss (blitz)"]
[EventRounds "11"]
[EventCountry "FRA"]
[SourceTitle "CBM 201 Extra"]
[Source "ChessBase"]
[SourceDate "2021.05.31"]
[SourceVersion "1"]
[SourceVersionDate "2021.05.31"]
[SourceQuality "1"]

1. d4 Nf6 2. c4 d5 3. Nc3 e6 4. cxd5 Nxd5 5. e4 Nf6 6. e5 Nd5 7. Bb5+ c6 8. Ba4 Be7 9. Nge2 0-0 10. 0-0 a6 11. Bc2 b5 12. Qd3 Bb7 13. Qxh7# 1-0

[Event "Trophee Roza Lallemand Online"]
[Site "Tornelo INT"]
[Date "2020.12.13"]
[Round "9"]
[White "Martoian, Seda"]
[Black "Muller, Lorelei"]
[Result "0-1"]
[WhiteElo "1278"]
[BlackElo "1531"]
[PlyCount "90"]
[EventDate "2020.12.13"]
[EventType "swiss (rapid)"]
[EventRounds "9"]
[EventCountry "USA"]
[SourceTitle "EXT 2022"]
[Source "ChessBase"]
[SourceDate "2021.10.06"]
[SourceVersion "1"]
[SourceVersionDate "2021.10.06"]
[SourceQuality "1"]

1. e4 e6 2. d4 d5 3. exd5 exd5 4. Nf3 Bd6 5. Be2 Nf6 6. 0-0 Bf5 7. Re1 0-0 8. Bg5 h6 9. Bh4 Nbd7 10. c3 c6 11. h3 Qc7 12. Bd3 Bxd3 13. Qxd3 Rfe8 14. Nbd2 g5 15. Bg3 Bxg3 16. fxg3 Qxg3 17. Nf1 Qc7 18. Ne3 Ne4 19. Ng4 Re6 20. Nge5 Nxe5 21. Nxe5 Rae8 22. Rf1 f6 23. Ng4 h5 24. Nf2 Kg7 25. Nxe4 Rxe4 26. Qf3 Qf7 27. Qf5 Qe6 28. Qf3 Qf7 29. Kh1 Rf4 30. Qd3 Ree4 31. Rxf4 Rxf4 32. Re1 Kh6 33. b3 a6 34. Qe2 Re4 35. Qf2 Qe6 36. Rf1 Kg6 37. Kh2 Re2 38. Qf3 Re3 39. Qf2 Rxc3 40. Qf3 Rxf3 41. Rxf3 Qd6+ 42. Kg1 f5 43. Rf2 Kf6 44. Kf1 Qb4 45. Re2 Qxd4 0-1

[Event "Trophee Roza Lallemand Online"]
[Site "Tornelo INT"]
[Date "2020.12.13"]
[Round "3"]
[White "Perrusset, Barbara"]
[Black "Martoian, Seda"]
[Result "1-0"]
[WhiteElo "1863"]
[BlackElo "1278"]
[PlyCount "73"]
[EventDate "2020.12.13"]
[EventType "swiss (rapid)"]
[EventRounds "9"]
[EventCountry "USA"]
[SourceTitle "EXT 2022"]
[Source "ChessBase"]
[SourceDate "2021.10.06"]
[SourceVersion "1"]
[SourceVersionDate "2021.10.06"]
[SourceQuality "1"]

1. e4 e6 2. d4 d5 3. exd5 exd5 4. Bd3 Nf6 5. Ne2 Be7 6. 0-0 0-0 7. Bg5 h6 8. Bh4 Nbd7 9. Nd2 Re8 10. Nf3 Bd6 11. Qd2 c6 12. Ng3 Qc7 13. Nf5 Ne4 14. Qd1 Ndf6 15. Nxd6 Qxd6 16. Ne5 Qb4 17. Bxe4 Nxe4 18. Qf3 Rf8 19. c4 Nd2 20. Qf4 Nxf1 21. Rxf1 dxc4 22. a3 Qxb2 23. Be7 Be6 24. Bxf8 Rxf8 25. a4 Qa3 26. Rb1 Qxa4 27. h3 b6 28. Qc1 b5 29. Nxc6 b4 30. Ne7+ Kh8 31. d5 Bd7 32. Qxc4 Re8 33. d6 Qa3 34. Qxf7 b3 35. Rxb3 Qxd6 36. Ng6+ Qxg6 37. Qxg6 1-0